عرض عادي
عرض مارك
- Pei, Jian.
مدخل إسم شخص
001 - رقم الضبط
- حقل الضبط: 37807
003 - معرف رقم الضبط
- حقل الضبط: OSt
005 - تاريخ ووقت أخر عملية
- حقل الضبط: 20131016143938.0
008 - عناصر بيانات ثابتة الطول
- حقل تحكم ثابت الطول: 131016|||a|||||| | ||| d
040 ## - مصدر الفهرسة
- هيئة الفهرسة الأصلية: OSt
- وكالة الكتابة: OSt
100 ## - مدخل -- أسم شخص
- إسم شخص: Pei, Jian.
670 ## - بيانات المصدر موجوده
- الاستشهاد بالمصدر: Work cat.: (OSt)0: Han, Jiawei. 36704, Data mining, c2012
